000 00701nam a2200205Ii 4500
003 JO-AjNU
008 230605s9999||||xx |||||||||||||| ||und||
040 _aJO-AjNU
_bara
_erda
_cJO-AjNU
041 _aara
050 1 4 _aLA1491.B3788.1995
100 3 _aبشور، منير,
_eauthor
_940368
245 0 0 _aالتربية العربية: التعليم في العالم العربي في القرن الحادي والعشرين
250 _aط1
264 3 1 _aالسويد:دار نلسن،1995
300 _a110ص
336 _atext
_btxt
_2rdacontent
337 _aunmediated
_bn
_2rdamedia
338 _avolume
_bnc
_2rdacarrier
650 4 _aالتعليم-البلاد العربية
_940369
999 _aA17126
_c20694
_d20694